Online
Catalog

The struck leviathan : (Record no. 17618)

MARC details
000 -CABECERA
campo de control de longitud fija 00775cam a2200241 a 4500
001 - NÚMERO DE CONTROL
campo de control 000018096
005 - FECHA Y HORA DE LA ÚLTIMA TRANSACCIÓN
campo de control 20200929165343.0
008 - DATOS DE LONGITUD FIJA--INFORMACIÓN GENERAL
campo de control de longitud fija 710402s1970 dcuh 000 p eng d
020 ## - NÚMERO INTERNACIONAL ESTÁNDAR DEL LIBRO
Número Internacional Estándar del Libro 0826200990
040 ## - FUENTE DE LA CATALOGACIÓN
Centro catalogador/agencia de origen DO-SdBNP
Centro/agencia transcriptor DLC
Centro/agencia modificador DLC
-- BNPHU
082 ## - NÚMERO DE LA CLASIFICACIÓN DECIMAL DEWEY
Número de clasificación 821.914
Número de documento/Ítem B471s
049 ## - FONDOS LOCALES (OCLC)
Fondos de biblioteca BNGR
100 1# - ENTRADA PRINCIPAL--NOMBRE DE PERSONA
Nombre de persona Bennett, John,
Fechas asociadas al nombre 1897-1974
9 (RLIN) 39229
245 14 - MENCIÓN DE TÍTULO
Título The struck leviathan :
Resto del título poems on Moby Dick /
Mención de responsabilidad, etc. John Bennett.
260 ## - PUBLICACIÓN, DISTRIBUCIÓN, ETC.
Lugar de publicación, distribución, etc. Columbia :
Nombre del editor, distribuidor, etc. University of Missouri Press,
Fecha de publicación, distribución, etc. 1970.
300 ## - DESCRIPCIÓN FÍSICA
Extensión 63 p. :
Otras características físicas facsíms. ;
Dimensiones 20 cm.
490 1# - MENCIÓN DE SERIE
Mención de serie A Breakthrough book
600 10 - PUNTO DE ACCESO ADICIONAL DE MATERIA--NOMBRE DE PERSONA
Nombre de persona MELVILLE, HERMAN,
Fechas asociadas al nombre 1819-1891.
9 (RLIN) 12803
650 #4 - PUNTO DE ACCESO ADICIONAL DE MATERIA--TÉRMINO DE MATERIA
Término de materia o nombre geográfico como elemento de entrada Poesía inglesa
9 (RLIN) 6807
650 #4 - PUNTO DE ACCESO ADICIONAL DE MATERIA--TÉRMINO DE MATERIA
Término de materia o nombre geográfico como elemento de entrada Literatura inglesa
Subdivisión cronológica SIGLO XX
9 (RLIN) 4369
830 #0 - PUNTO DE ACCESO ADICIONAL DE SERIE-TÍTULO UNIFORME
Título uniforme A Breakthrough book
9 (RLIN) 39230
910 ## - DATOS DE OPCIÓN DEL USUARIO (OCLC)
Datos de opción del usuario Catalogación derivada
Holdings
Estado de retiro Estado de pérdida Restricciones de uso No para préstamo Código de colección Localización permanente Ubicación/localización actual Ubicación en estantería Fecha de adquisición Número de inventario Total de préstamos Signatura topográfica completa Código de barras Fecha visto por última vez Número de copia Precio válido a partir de Tipo de ítem Koha
    Préstamo restringido Préstamo restrigido Monografías: Libros y Folletos General General En catalogación 14.04.2010 LF1   821.914 B471s 18096-10 25.06.2020 e. 1 25.06.2020 No se presta

Powered by Koha